000 00363nam a2200181Ia 4500
003 0STCL
008 150530s9999 xx 000 0 und d
040 _aSTCL
_cSTCL
100 _aNair, T.R.
245 _aHridayarodanam
250 _a3
260 _c1968
300 _a0
546 _aHindi
942 _2ddc
_cBK
999 _c45810
_d45810
005 20220125170657.0